Journal of the Indian Law Institute

محفوظ في:

التنسيق: دورية

اللغة: Undetermined

منشور في: JSTOR
Indian Law Institute

الوصول للمادة أونلاين: Login to view Source

الوسوم: إضافة وسم

لا توجد وسوم, كن أول من يضع وسما على هذه التسجيلة!

رقم الطلب:

LEADER 00458nas a2200145Ia 4500
008 220214c99999999xx |||||||||||| ||und||
022 |a 0019-5731 
245 0 0 |a Journal of the Indian Law Institute 
264 1 |b JSTOR 
264 1 |b Indian Law Institute 
362 0 |a Vol. 1(1958)-59 (2017) 
856 4 0 |u https://www.jstor.org/journal/jindilawinst 
942 |c JL 
952 |0 0  |1 0  |4 0  |7 1  |9 35899  |a JSR  |b JSR  |d 2022-02-14  |l 0  |r 2022-02-14 00:00:00  |w 2022-02-14  |y JL 
999 |c 44232  |d 44232